[Event "Druzynowe Mistrzostwa Polski II Liga"]
[Site "Szklarska Poreba"]
[Date "1899-12-30"]
[Round "4.27"]
[White "Gbyl, Andrzej"]
[Black "Wypych, Dominik"]
[Result "1-0"]
[WhiteTitle "k+"]
[BlackTitle "k"]
[WhiteElo "2236"]
[BlackElo "2120"]

1. d4 Nf6 2. Nf3 d6 3. c4 Nbd7 4. Nc3 e5 5. e4 c6 6. Be2 Be7 7. O-O O-O 8. Re1
Qc7 9. Be3 Re8 10. d5 c5 11. h3 a6 12. Qc2 Rb8 13. Reb1 Rf8 14. a3 Ne8 15. b4
g6 16. Ne1 Ng7 17. Nd3 f5 18. f3 f4 19. Bf2 Nh5 20. bxc5 Nxc5 21. Nxc5 dxc5 22.
a4 Bd6 23. a5 Qe7 24. Kh2 Bd7 25. Na4 Bxa4 26. Qxa4 Rbc8 27. Rb6 g5 28. Rab1 Rc7
29. Qa3 Rf7 30. Bd1 h6 31. Rxd6 Qxd6 32. Rb6 Qd8 33. d6 Rc6 34. Bxc5 Qc8 35. Rxc6
bxc6 36. Bb6 Nf6 37. c5 Rg7 38. Bb3+ Kf8 39. Bc4 Nd7 40. Qd3 Nb8 41. Bc7 Rxc7
42. dxc7 Qxc7 43. Bxa6 Ke8 44. Bc4 Qxa5 45. Qd6 Nd7 46. Be6 Nxc5 47. Bf5 Kf7 48.
Qxc6 Qc3 49. Be6+ Ke7 50. Bd5 Qa5 51. Qxh6 Nd7 52. Qxg5+ Kd6 53. Qg6+ Kc7 54.
Qc6+ Kd8 55. Be6 Nf8 56. Qd6+ Ke8 57. Bd5 Qa1 58. Qb8+ Ke7 59. Qc7+ Nd7 60. Bc6
1-0

[Event "Druzynowe Mistrzostwa Polski II Liga"]
[Site "Szklarska Poreba"]
[Date "1899-12-30"]
[Round "4.28"]
[White "Rymaszewski, Dariusz"]
[Black "Golda, Sebastian"]
[Result "0-1"]
[WhiteTitle "k"]
[BlackTitle "k"]
[WhiteElo "2150"]
[BlackElo "2115"]

1. e4 c5 2. Nf3 d6 3. d4 cxd4 4. Nxd4 Nf6 5. Nc3 a6 6. Be3 e5 7. Nb3 Be7 8. f3
O-O 9. g4 Be6 10. Qd2 d5 11. g5 Nxe4 12. fxe4 d4 13. O-O-O dxe3 14. Qxd8 Rxd8
15. Rxd8+ Bxd8 16. h4 Nd7 17. Bh3 Bxh3 18. Rxh3 f6 19. gxf6 Nxf6 20. Rxe3 Nh5
21. Rh3 Nf4 22. Rh2 h5 23. Nc5 b6 24. Nd7 Ng6 25. Nd5 b5 26. Kd1 Ra7 27. Nc5 Bxh4
28. Nd3 Rf7 29. Ke2 Kh7 30. Ne3 Nf4+ 31. Kd2 Bg3 32. Rh1 Nxd3 33. Rxh5+ Kg6 34.
Rh3 Nxb2 35. Rxg3+ Kf6 36. Kc3 Na4+ 37. Kb4 Rd7 38. Nd5+ Kf7 39. c4 Rb7 40. c5
a5+ 41. Kxa5 Nxc5 42. Rg4 Ne6 43. Kb4 Ra7 44. Nc3 Nd4 45. Rg2 Rb7 46. a3 Rb8 47.
Rf2+ Ke6 48. Rg2 Rb7 49. Rg6+ Kf7 50. Rg2 g6 51. Rg1 Nc2+ 52. Kb3 Nxa3 53. Rf1+
Kg7 54. Kxa3 b4+ 55. Kb3 bxc3+ 56. Kxc3 Rd7 57. Ra1 Rd4 58. Ra5 Kf6 59. Ra8 Kg5
60. Rf8 Rxe4 61. Kd3 Rf4 62. Re8 Kf5 63. Ke3 g5 64. Rf8+ Kg4 65. Re8 e4 66. Rg8
Kh4 67. Rh8+ Kg3 68. Rh1 g4 69. Rh8 Rf7 70. Kxe4 Kg2 71. Ke3 g3 72. Re8 Kg1 73.
Ke2 g2 74. Rh8 Re7+ 75. Kd2 Re5 76. Rh7 Kf2 77. Rf7+ Kg3 78. Rg7+ Kf3 79. Rg8
Re4 0-1

[Event "Druzynowe Mistrzostwa Polski II Liga"]
[Site "Szklarska Poreba"]
[Date "1899-12-30"]
[Round "4.29"]
[White "Marczuk, Anna"]
[Black "Renkowski, Piotr"]
[Result "0-1"]
[WhiteTitle "k"]
[BlackTitle "k"]
[WhiteElo "1929"]
[BlackElo "2102"]

1. d4 d5 2. Bf4 Nf6 3. Nc3 e6 4. Nb5 Na6 5. e3 c6 6. Nc3 Nb8 7. f3 Bd6 8. Bxd6
Qxd6 9. Bd3 e5 10. Nge2 O-O 11. O-O e4 12. fxe4 Ng4 13. Rf4 g5 14. e5 Qh6 15.
Rxg4 Bxg4 16. e4 f6 17. exd5 fxe5 18. dxe5 cxd5 19. Nxd5 Nd7 20. Bc4 Nxe5 21.
Bb3 Kh8 22. Qd2 Bxe2 23. Qxe2 Rae8 24. Qd2 Qh4 25. h3 Nf3+ 26. gxf3 Rxf3 27. Rf1
Rg3+ 28. Kh1 Qxh3+ 0-1

[Event "Druzynowe Mistrzostwa Polski II Liga"]
[Site "Szklarska Poreba"]
[Date "1899-12-30"]
[Round "4.30"]
[White "Czaplewska, Klara"]
[Black "Jedrocha, Katarzyna"]
[Result "1/2-1/2"]
[WhiteTitle "k+"]
[BlackTitle "k"]
[WhiteElo "1880"]
[BlackElo "1902"]

1. d4 Nf6 2. Nf3 d5 3. Bf4 Bf5 4. e3 e6 5. Be2 Bd6 6. Bg3 h6 7. c4 O-O 8. Nc3 c6
9. O-O Bxg3 10. hxg3 Nbd7 11. Qb3 Qb6 12. Qxb6 axb6 13. a3 g5 14. Rac1 Kg7 15.
Nd2 Rae8 16. Rfe1 Rh8 17. f3 c5 18. Nb5 Bg6 19. Nd6 Rb8 20. Nb3 Rhd8 21. Red1
Kf8 22. Nb5 Rbc8 23. Nd6 Rc7 24. Nb5 Rcc8 25. Nd6 Rc7 26. Nb5 Rcc8 27. Nd6 Rc7
28. Nb5 1/2-1/2

[Event "Druzynowe Mistrzostwa Polski II Liga"]
[Site "Szklarska Poreba"]
[Date "1899-12-30"]
[Round "4.31"]
[White "Zaskalski, Arkadiusz"]
[Black "Cichocki, Adam"]
[Result "1/2-1/2"]
[WhiteTitle "k"]
[BlackTitle "FM"]
[WhiteElo "2165"]
[BlackElo "2292"]

1. c4 e6 2. Nf3 Nf6 3. g3 d5 4. Bg2 Be7 5. d4 Nbd7 6. Qc2 c6 7. Nbd2 O-O 8. O-O
b5 9. b3 bxc4 10. bxc4 Ba6 11. Re1 c5 12. cxd5 Nxd5 13. Bb2 Rb8 14. dxc5 Bxc5
15. Ne4 Bb4 16. Rec1 Qb6 17. Bd4 Qa5 18. Bxa7 Rbc8 19. Qb3 Bxe2 20. Bd4 Ba3 21.
Bb2 Bxb2 22. Qxb2 Ba6 23. Nd4 Nc5 24. Nxc5 Rxc5 25. Nb3 Rxc1+ 26. Rxc1 Qb6 27.
Qd4 Qxd4 28. Nxd4 g6 29. h4 Kg7 30. Nb3 Rb8 31. Nc5 Rc8 32. Bf1 Bxf1 33. Kxf1
Ra8 1/2-1/2

[Event "Druzynowe Mistrzostwa Polski II Liga"]
[Site "Szklarska Poreba"]
[Date "1899-12-30"]
[Round "4.32"]
[White "Helis, Tadeusz"]
[Black "Markiewicz, Jerzy"]
[Result "1/2-1/2"]
[WhiteTitle "FM"]
[BlackTitle "FM"]
[WhiteElo "2233"]
[BlackElo "2156"]

1. Nf3 Nf6 2. c4 g6 3. Nc3 Bg7 4. d4 O-O 5. Bg5 c5 6. e3 d6 7. Be2 h6 8. Bh4 g5
9. Bg3 Nh5 10. dxc5 Nxg3 11. hxg3 dxc5 12. Qc2 f5 13. Nd2 Nc6 14. O-O-O e6 15.
a3 Qe7 16. g4 fxg4 17. Nde4 Ne5 18. Qd2 b6 19. Qd6 Qxd6 20. Rxd6 Kf7 21. Ng3 Ke7
22. Nce4 Bb7 23. Rd2 Rad8 24. Rxd8 Rxd8 25. Kc2 Bc6 26. b3 Be8 27. Rd1 Rxd1 28.
Kxd1 Bg6 29. Kd2 Bf6 30. Nc3 h5 31. Nb5 h4 32. Nf1 Be4 33. g3 a6 34. Nc3 Nf3+
35. Bxf3 Bxc3+ 36. Kxc3 gxf3 37. gxh4 gxh4 38. Nh2 Kf6 39. Kd2 Kg5 40. Kc3 Bc6
41. Kd3 e5 42. Kc3 Be4 43. Kd2 Kf5 44. Kc3 Ke6 45. Kd2 b5 46. cxb5 axb5 47. b4
Kd5 48. Kc3 h3 49. Kb3 Kc6 50. Kc3 Kd5 51. Kb3 Kc6 52. Kc3 Kd5 53. Kd4+ 1/2-1/2

[Event "Druzynowe Mistrzostwa Polski II Liga"]
[Site "Szklarska Poreba"]
[Date "1899-12-30"]
[Round "4.33"]
[White "Augustyn, Sebastian"]
[Black "Walkusz, Witoslaw"]
[Result "1/2-1/2"]
[WhiteTitle "k"]
[BlackTitle "FM"]
[WhiteElo "2144"]
[BlackElo "2138"]

1. Nf3 f5 2. d3 Nf6 3. e4 d6 4. Nc3 e5 5. exf5 Bxf5 6. d4 Nc6 7. Bg5 exd4 8. Nxd4
Nxd4 9. Qxd4 h6 10. Be3 c6 11. Bd3 Qd7 12. O-O c5 13. Bxf5 Qxf5 14. Qa4+ Qd7 15.
Nb5 Kf7 16. Qb3+ d5 17. Rad1 c4 18. Qa4 a6 19. Nc3 Qxa4 20. Nxa4 b5 21. Nb6 Rd8
22. Bd4 Be7 23. b3 Rd6 24. Bxf6 Bxf6 25. Nxd5 cxb3 26. cxb3 Rhd8 27. Ne3 Rd2 28.
a4 bxa4 29. bxa4 Ra2 30. Nd5 Rxa4 31. Nxf6 Rxd1 32. Rxd1 Kxf6 33. g3 Ke5 1/2-1/2

[Event "Druzynowe Mistrzostwa Polski II Liga"]
[Site "Szklarska Poreba"]
[Date "1899-12-30"]
[Round "4.34"]
[White "Rawski, Slawomir"]
[Black "Czarnecki, Wojciech"]
[Result "0-1"]
[WhiteTitle "FM"]
[BlackTitle "k"]
[WhiteElo "2164"]
[BlackElo "2020"]

1. d4 f5 2. Bg5 Nf6 3. Bxf6 exf6 4. e3 d5 5. Bd3 Be6 6. Qf3 Qd7 7. Ne2 g5 8. g4
fxg4 9. Qxf6 Rg8 10. Bxh7 Be7 11. Qh6 Bf8 12. Qf6 Be7 13. Qe5 Nc6 14. Qg3 Bd6
15. Bxg8 Bxg3 16. Bxe6 Bxf2+ 17. Kxf2 Qxe6 18. Ng3 O-O-O 19. Nd2 Rf8+ 20. Ke2
Nxd4+ 21. Kd3 c5 22. exd4 c4+ 23. Kc3 Qe3+ 24. Kb4 Qxd2+ 25. c3 Qxb2+ 26. Kc5
Rd8 27. Rab1 Qa3+ 28. Rb4 Kc7 29. Rf1 b6+ 30. Kb5 Qa5# 0-1

[Event "Druzynowe Mistrzostwa Polski II Liga"]
[Site "Szklarska Poreba"]
[Date "1899-12-30"]
[Round "4.35"]
[White "Markiewicz, Mateusz"]
[Black "Smarsz, Agata"]
[Result "1/2-1/2"]
[WhiteTitle "I++"]
[BlackTitle "m"]
[WhiteElo "2021"]
[BlackElo "2102"]

1. e4 c5 2. Nf3 a6 3. c3 e6 4. d4 cxd4 5. cxd4 d5 6. e5 Nc6 7. Bd3 Bb4+ 8. Nc3
f5 9. O-O Nge7 10. Ne2 Ng6 11. a3 Be7 12. g3 Bd7 13. h4 Qb6 14. Rb1 Rc8 15. b4
O-O 16. Be3 Na7 17. Qd2 Nb5 18. Bxb5 Bxb5 19. h5 Nh8 20. Rfc1 Bxe2 21. Qxe2 Nf7
22. Ne1 Ng5 23. f3 Rxc1 24. Rxc1 f4 25. gxf4 Nh3+ 26. Kg2 Nxf4+ 27. Bxf4 Rxf4
28. Rc8+ Rf8 29. Rxf8+ Bxf8 30. Qd3 Qd8 31. f4 Qh4 32. Qh3 Qxe1 33. Qxe6+ Kh8
34. Qf7 Qd2+ 35. Kg3 Qc3+ 36. Kg4 Qc8+ 37. f5 h6 38. Qxd5 Be7 39. Qe6 Qc7 40.
Qf7 Qd8 41. d5 Bf8 42. d6 Qg5+ 43. Kf3 Qd8 1/2-1/2

[Event "Druzynowe Mistrzostwa Polski II Liga"]
[Site "Szklarska Poreba"]
[Date "1899-12-30"]
[Round "4.36"]
[White "Mikulewicz, Joanna"]
[Black "Jalowiec, Halina"]
[Result "1/2-1/2"]
[WhiteTitle "WFM"]
[BlackTitle "WFM"]
[WhiteElo "2057"]
[BlackElo "1967"]

1. d4 Nf6 2. c4 d6 3. Nf3 Nbd7 4. Nc3 c6 5. e4 e5 6. Be2 g6 7. O-O Bg7 8. h3 O-O
9. Bg5 Re8 10. d5 c5 11. Qc2 a6 12. a3 Qc7 13. Ne1 Rb8 14. b4 b6 15. Rc1 Nf8 16.
Qd2 h5 17. Be3 N6h7 18. Nd3 Qe7 19. bxc5 bxc5 20. Rb1 Bd7 21. a4 Rec8 22. a5 Qd8
23. Qa2 Bf6 24. Bd2 Rxb1 25. Rxb1 Rb8 26. Rxb8 Qxb8 27. Qb2 Qxb2 28. Nxb2 Bd8
29. Nb5 Be7 30. Na7 f6 31. Bd1 Ng5 32. f3 Kf7 33. Na4 Ke8 34. Nb6 Bd8 35. Nxd7
Kxd7 36. Nc6 Kc7 37. Ba4 Nf7 38. Kf2 g5 39. g3 Ng6 40. Nxd8 Kxd8 41. Bc6 Kc7 42.
Be8 Nfh8 43. h4 gxh4 44. gxh4 Nxh4 45. Bxh5 N4g6 46. Kg3 Ne7 47. Kg4 Kd7 48. Bh6
Nhg6 49. Bg7 Nf4 50. Bf7 Ng2 51. Bh6 Ne1 52. Be6+ Kd8 53. Kg3 Nd3 54. Bh3 Nb4
55. Bg7 Nc2 56. Kf2 Nd4 57. Bxf6 Nb3 58. Bxe7+ Kxe7 59. Bc8 Nxa5 60. Bxa6 Nb3
61. f4 exf4 62. Kf3 Kf6 63. Kxf4 Nd4 64. Bc8 Ne2+ 65. Ke3 Nd4 66. Kf4 Ne2+ 67.
Ke3 Nd4 1/2-1/2

[Event "Druzynowe Mistrzostwa Polski II Liga"]
[Site "Szklarska Poreba"]
[Date "1899-12-30"]
[Round "4.37"]
[White "Gumula, Daniel"]
[Black "Kumala, Aleksander"]
[Result "0-1"]
[WhiteTitle "FM"]
[BlackTitle "k"]
[WhiteElo "2260"]
[BlackElo "2215"]

1. c4 e5 2. Nc3 Nf6 3. Nf3 Nc6 4. d4 e4 5. Ng5 h6 6. Ngxe4 Nxe4 7. Nxe4 Qh4 8.
Nc3 Qxd4 9. Nd5 Bd6 10. Bd2 Qxc4 11. Bc3 O-O 12. e3 Qh4 13. g3 Qe4 14. f3 Qe6
15. Bc4 Ne5 16. Bb3 Qf5 17. O-O b5 18. e4 Qh5 19. f4 Ng4 20. h4 b4 21. Bd4 Ba6
22. e5 Bxf1 23. exd6 c5 24. Bxc5 Bh3 25. Ne7+ Kh8 26. Qd5 f5 27. Bd4 Rae8 28.
Rc1 Nf6 29. Bxf6 Rxf6 30. Re1 Rxd6 31. Qxd6 Qf3 32. Ng6+ Kh7 33. Nf8+ Rxf8 0-1

[Event "Druzynowe Mistrzostwa Polski II Liga"]
[Site "Szklarska Poreba"]
[Date "1899-12-30"]
[Round "4.38"]
[White "Kasperek, Ryszard"]
[Black "Kolosowski, Pawel"]
[Result "1-0"]
[WhiteTitle "m"]
[BlackTitle "m"]
[WhiteElo "2133"]
[BlackElo "2224"]

1. e4 e5 2. Nf3 Nc6 3. Nc3 Nf6 4. Bb5 Bb4 5. O-O O-O 6. d3 d6 7. Ne2 Bg4 8. c3
Bc5 9. Ng3 Ne7 10. h3 Be6 11. d4 exd4 12. cxd4 Bb6 13. Bg5 Ne8 14. Re1 f6 15.
Be3 c6 16. Bd3 Ng6 17. Qc2 Bf7 18. h4 Ne7 19. e5 Bg6 20. Bxg6 Nxg6 21. h5 Ne7
22. h6 dxe5 23. dxe5 Bxe3 24. Rxe3 Nd5 25. Rb3 Qc7 26. e6 Nd6 27. Rd1 Qe7 28.
hxg7 Kxg7 29. Nd4 Kh8 30. Ndf5 Qxe6 31. Nxd6 Qxd6 32. Rxb7 f5 33. b4 Qe5 34. Qxc6
Nf6 35. Rb5 Qb2 36. Rxf5 Rac8 37. Qf3 Rc1 38. Rxc1 Qxc1+ 39. Kh2 Qh6+ 40. Nh5
Kg8 41. Rxf6 Rxf6 42. Qxf6 Qxh5+ 43. Kg3 Qd5 44. a3 Qd3+ 45. Qf3 Qd6+ 46. Qf4
Qd3+ 47. Kh4 Qa6 48. b5 Qa5 49. a4 Qb6 50. g4 Qa5 51. Qd4 Qc7 52. f4 Qe7+ 53.
g5 Qe1+ 54. Kg4 Qe6+ 55. Kf3 Qe7 56. Qd5+ Kf8 57. Qe5 Qa3+ 58. Kg4 Qxa4 59. Qh8+
Ke7 60. Qxh7+ Kd6 61. Qd3+ Ke7 62. Kf5 Qa2 63. Qe4+ Kd6 64. Qc6+ Ke7 65. Qc7+
Ke8 66. Kf6 Qb2+ 67. Qe5+ 1-0

[Event "Druzynowe Mistrzostwa Polski II Liga"]
[Site "Szklarska Poreba"]
[Date "1899-12-30"]
[Round "4.39"]
[White "Garbowski, Jakub"]
[Black "Puczylowski, Marcin"]
[Result "1-0"]
[WhiteTitle "k"]
[BlackTitle "k"]
[WhiteElo "2156"]
[BlackElo "2116"]

1. e4 c5 2. Nf3 Nc6 3. Bb5 Nf6 4. e5 Nd5 5. Nc3 a6 6. Bxc6 dxc6 7. Ne4 Bf5 8. Ng3
Qd7 9. d3 Bg4 10. Bd2 g6 11. h3 Bxf3 12. Qxf3 Bg7 13. Qe4 O-O 14. O-O-O a5 15.
f4 Nb4 16. a3 Nd5 17. Qc4 b6 18. Rde1 Nc7 19. f5 Qd4 20. Bc3 Qxc4 21. dxc4 Bh6+
22. Kb1 Bf4 23. Ne2 Be3 24. Rhf1 Rad8 25. g4 Bd2 26. Bxd2 Rxd2 27. Kc1 Rd7 28.
Rd1 Rfd8 29. Nc3 Rxd1+ 30. Rxd1 Rxd1+ 31. Kxd1 Kg7 32. Ne4 Ne8 33. Ke2 h5 34.
Kf3 hxg4+ 35. hxg4 gxf5 36. gxf5 Kf8 37. Kf4 Nc7 38. b3 Ke8 39. Kg5 Na6 40. Nc3
Kf8 41. Kh6 Kg8 42. Na4 b5 43. Nb6 Kf8 44. Kh7 Ke8 45. Kg7 Nb8 46. Kg8 Na6 47.
Na8 a4 48. bxa4 bxa4 49. c3 f6 50. exf6 exf6 51. Kg7 Ke7 52. Nb6 Nb8 53. Kg6 Kd6
54. Kxf6 Kc7 55. Nxa4 Kd6 56. Kg7 Nd7 57. f6 Kd5 1-0

[Event "Druzynowe Mistrzostwa Polski II Liga"]
[Site "Szklarska Poreba"]
[Date "1899-12-30"]
[Round "4.40"]
[White "Kanarkiewicz, Michal"]
[Black "Siedlinski, Piotr"]
[Result "1-0"]
[WhiteTitle "k"]
[BlackTitle "k"]
[WhiteElo "2066"]
[BlackElo "2132"]

1. e4 c5 2. Nf3 e6 3. b3 Nc6 4. Bb2 d6 5. d4 cxd4 6. Nxd4 Nf6 7. Bd3 Be7 8. O-O
Bd7 9. c4 O-O 10. Nxc6 Bxc6 11. Nc3 Qb8 12. Qe2 a5 13. a3 Rd8 14. f4 d5 15. cxd5
exd5 16. e5 Nd7 17. e6 Nf6 18. Nb5 Bc5+ 19. Kh1 d4 20. exf7+ Kh8 21. f8=Q+ Rxf8
22. Nxd4 Bd5 23. Nf5 b6 24. Nxg7 Kxg7 25. Qh5 Rf7 26. Qxd5 Qd8 27. Qg5+ Kh8 28.
Bc4 Rf8 29. Rad1 Qe7 30. Rfe1 Qg7 31. Re6 1-0

[Event "Druzynowe Mistrzostwa Polski II Liga"]
[Site "Szklarska Poreba"]
[Date "1899-12-30"]
[Round "4.42"]
[White "Murawko, Katarzyna"]
[Black "Pluta, Natalia"]
[Result "1-0"]
[WhiteTitle "k"]
[BlackTitle "I++"]
[WhiteElo "1988"]
[BlackElo "1814"]

1. e4 c5 2. Nf3 d6 3. Bb5+ Bd7 4. Bxd7+ Qxd7 5. O-O Nc6 6. c3 g6 7. d4 cxd4 8.
cxd4 Bg7 9. Nc3 Nf6 10. h3 O-O 11. Be3 Rac8 12. Rc1 b5 13. a3 b4 14. axb4 Nxb4
15. d5 Qb7 16. Nd4 Nd7 17. f4 Nc5 18. Rb1 a6 19. h4 Ncd3 20. Nc6 Rxc6 21. dxc6
Qxc6 22. Qb3 e6 23. Rf3 Rc8 24. Bd2 Qc5+ 25. Kh2 Qh5 26. Nd1 Qxh4+ 27. Rh3 Qg4
28. Rxd3 Nxd3 29. Qxd3 Rc5 30. Nf2 Qh4+ 31. Nh3 d5 32. b4 dxe4 33. Qxe4 Rd5 34.
Be3 g5 35. Bf2 Qh6 36. Kg1 g4 37. Ng5 Qh5 38. Rc1 Rd8 39. g3 Re8 40. Kg2 f5 41.
Qc4 1-0

[Event "Druzynowe Mistrzostwa Polski II Liga"]
[Site "Szklarska Poreba"]
[Date "1899-12-30"]
[Round "4.43"]
[White "Snihur, Piotr"]
[Black "Barglowski, Filip"]
[Result "0-1"]
[WhiteTitle "k"]
[BlackTitle "FM"]
[WhiteElo "2181"]
[BlackElo "2310"]

1. d4 d5 2. c4 e6 3. Nf3 Nf6 4. g3 dxc4 5. Qa4+ Nbd7 6. Bg2 a6 7. Qxc4 b5 8. Qc2
Bb7 9. Nc3 c5 10. dxc5 Bxc5 11. O-O Rc8 12. a3 Qb6 13. Ng5 O-O 14. Bxb7 Qxb7 15.
Nge4 Nxe4 16. Qxe4 Qb6 17. Be3 Bxe3 18. Qxe3 Qxe3 19. fxe3 Nb6 20. Rfc1 Nc4 21.
Nd1 g5 22. h3 Rcd8 23. Kf2 Rd2 24. b3 Na5 25. Rc3 Rfd8 26. Ke1 Kg7 27. Nf2 Rb2
28. Nd3 Rxb3 29. Rxb3 Nxb3 30. Rb1 Na5 31. a4 bxa4 32. Rb4 Ra8 33. Rxa4 Nc6 34.
Rc4 Ne7 35. Rc5 Kf6 36. Ra5 Nc6 37. Rc5 Nd8 38. Nf2 h6 39. Ne4+ Kg6 40. Nc3 a5
41. Na4 Ra6 42. Rb5 Nc6 43. Kf2 Kf6 44. Kg2 Ra7 45. Rc5 Ne5 46. Nc3 Nd7 47. Rc4
Ke7 48. Kf2 Rb7 49. Ke1 Nb6 50. Rc5 a4 51. Rb5 Rc7 52. Rxb6 Rxc3 53. Kf2 a3 54.
Ra6 Kd7 55. Kf3 Kc7 56. h4 gxh4 57. gxh4 Kb7 58. Ra4 Kb6 59. h5 Kb5 60. Ra7 Kb4
61. Rb7+ Ka4 62. Ra7+ Kb3 63. Rb7+ Kc2 64. Rxf7 a2 65. Ra7 Kb2 0-1

[Event "Druzynowe Mistrzostwa Polski II Liga"]
[Site "Szklarska Poreba"]
[Date "1899-12-30"]
[Round "4.44"]
[White "Winiarski, Mikolaj"]
[Black "Nowak, Mikolaj"]
[Result "0-1"]
[WhiteTitle "FM"]
[BlackTitle "I++"]
[WhiteElo "2272"]
[BlackElo "2088"]

1. d4 Nf6 2. c4 e6 3. Nf3 d5 4. cxd5 exd5 5. Nc3 c6 6. Bg5 Be7 7. e3 O-O 8. Qc2
Bg4 9. Ne5 Bh5 10. Bd3 Bg6 11. Nxg6 hxg6 12. h4 Nbd7 13. O-O-O b5 14. Kb1 a5 15.
Ne2 Qb6 16. h5 gxh5 17. Nf4 Rfe8 18. Nxh5 Nxh5 19. Bxe7 Rxe7 20. Rxh5 Nf6 21.
Rh3 Ree8 22. Rc1 Rac8 23. Bf5 Rc7 24. g4 Kf8 25. g5 Ng8 26. Rh8 Ke7 27. Bh7 Rcc8
28. e4 Qxd4 29. Bf5 Rcd8 30. Qxc6 g6 31. Rxg8 Rxg8 32. Qc7+ Ke8 33. Re1 Qd3+ 34.
Ka1 Qd2 35. Qe5+ Kf8 36. exd5 Qxg5 37. Qc7 gxf5 38. f4 Qf6 39. Qc5+ Qd6 0-1

[Event "Druzynowe Mistrzostwa Polski II Liga"]
[Site "Szklarska Poreba"]
[Date "1899-12-30"]
[Round "4.45"]
[White "Kwiatkowski, Wiktor"]
[Black "Chylewski, Patryk"]
[Result "1-0"]
[WhiteTitle "I"]
[BlackTitle "k++"]
[WhiteElo "1933"]
[BlackElo "2255"]

1. e4 c5 2. f4 Nc6 3. Nc3 g6 4. Nf3 Bg7 5. Bb5 Nd4 6. Bc4 d6 7. O-O e6 8. Nxd4
cxd4 9. Ne2 Ne7 10. d3 O-O 11. Ng3 d5 12. Bb3 dxe4 13. dxe4 Qb6 14. Qf3 Bd7 15.
Kh1 a5 16. a4 Qc7 17. Bd2 Ra6 18. Qd3 Rd8 19. Rae1 Qc5 20. f5 exf5 21. Bg5 f4
22. Bxf4 Be6 23. e5 Bxb3 24. Qxb3 Qd5 25. Qd3 Nc6 26. c4 dxc3 27. Qxc3 Rb6 28.
Ne4 Nxe5 29. Qc7 Rxb2 30. Bg5 Re8 31. Bf6 Kh8 32. Qc3 Ra2 33. Rg1 Qc6 34. Qb3
Qc4 35. Qxb7 Nd3 36. Qd7 Qxe4 37. Qxe8+ 1-0

[Event "Druzynowe Mistrzostwa Polski II Liga"]
[Site "Szklarska Poreba"]
[Date "1899-12-30"]
[Round "4.46"]
[White "Rozycki, Bartlomiej"]
[Black "Matlewski, Adam"]
[Result "1-0"]
[WhiteTitle "k++"]
[BlackTitle "I"]
[WhiteElo "2157"]
[BlackElo "1825"]

1. d4 Nf6 2. c4 e6 3. Nf3 Be7 4. Nc3 d5 5. Bg5 Nbd7 6. e3 O-O 7. Qc2 a6 8. c5 h6
9. Bh4 Qe8 10. b4 Bd8 11. Bd3 e5 12. Bxf6 Bxf6 13. Nxd5 exd4 14. Nxc7 Qe7 15.
Nxa8 dxe3 16. O-O Bxa1 17. Rxa1 Nf6 18. Re1 Ng4 19. fxe3 Nxe3 20. Qe2 Re8 21.
Nb6 Bg4 22. Nc4 Bxf3 23. Qxf3 Qd8 24. Rxe3 Qd4 25. Qf2 Qa1+ 26. Bf1 Rxe3 27. Qxe3
1-0

[Event "Druzynowe Mistrzostwa Polski II Liga"]
[Site "Szklarska Poreba"]
[Date "1899-12-30"]
[Round "4.47"]
[White "Leskiewicz, Ignacy"]
[Black "Kokoszczynski, Jan"]
[Result "0-1"]
[WhiteTitle "I+"]
[BlackTitle "k"]
[WhiteElo "1770"]
[BlackElo "2103"]

1. e4 e6 2. d4 d5 3. Nd2 Be7 4. Ngf3 c5 5. exd5 Qxd5 6. Bc4 Qh5 7. dxc5 Qxc5 8.
O-O Nf6 9. Qe2 Nbd7 10. Nb3 Qc7 11. Nbd4 O-O 12. Bxe6 fxe6 13. Nxe6 Qb6 14. Nxf8
Bxf8 15. Qc4+ Kh8 16. Re1 Nc5 17. Ng5 h6 18. Nf7+ Kh7 19. Nxh6 Be6 20. Qh4 gxh6
21. Qxf6 Bg7 22. Qe7 Qc6 23. Re5 Re8 24. Qxc5 Bxe5 25. Qxc6 bxc6 26. c3 Bd5 27.
Be3 Rb8 28. b3 Bxc3 29. Rc1 Bf6 30. f4 a5 31. g4 a4 32. bxa4 Rb2 33. g5 hxg5 34.
fxg5 Be5 35. Bf2 Bxh2+ 36. Kxh2 Rxf2+ 37. Kg3 Rxa2 38. Kf4 Rxa4+ 39. Kf5 Ra2 40.
Rf1 Kg7 41. Rf4 Re2 42. Rd4 Re1 43. Rd2 Kf7 44. Rd4 Be6+ 45. Kf4 Ke7 46. g6 Kf6
47. Rd6 c5 48. Rc6 c4 49. Kf3 Kxg6 0-1

[Event "Druzynowe Mistrzostwa Polski II Liga"]
[Site "Szklarska Poreba"]
[Date "1899-12-30"]
[Round "4.48"]
[White "Moscicka, Pola"]
[Black "Pastuszko, Kinga"]
[Result "0-1"]
[WhiteTitle "k+"]
[BlackTitle "k+"]
[WhiteElo "1894"]
[BlackElo "1971"]

1. d4 d5 2. c4 e6 3. Nc3 Nf6 4. cxd5 exd5 5. Bg5 c6 6. Qc2 Be7 7. e3 Nbd7 8. Bd3
Nh5 9. Bxe7 Qxe7 10. Nge2 g6 11. O-O O-O 12. Rab1 a5 13. a3 f5 14. b4 axb4 15.
axb4 b5 16. Rfe1 Nb6 17. Qd2 Nf6 18. f3 Bd7 19. Ng3 Qd6 20. Kh1 Ra3 21. Qb2 Rfa8
22. Nge2 Nc4 23. Bxc4 dxc4 24. Qd2 Nd5 25. e4 fxe4 26. fxe4 Nxb4 27. e5 Qe7 28.
e6 Be8 29. Nf4 g5 30. d5 gxf4 31. d6 Qg7 32. Rxb4 Qxc3 33. Rb2 Qxd2 34. Rxd2 Re3
35. Rdd1 Rd8 36. Rxe3 fxe3 37. d7 Bxd7 38. Rxd7 Re8 39. e7 e2 0-1

[Event "Druzynowe Mistrzostwa Polski II Liga"]
[Site "Szklarska Poreba"]
[Date "1899-12-30"]
[Round "4.49"]
[White "Piotrowski, Przemyslaw"]
[Black "Niekras, Dawid"]
[Result "1/2-1/2"]
[WhiteTitle "k+"]
[BlackTitle "FM"]
[WhiteElo "2324"]
[BlackElo "2313"]

1. Nf3 Nf6 2. g3 g6 3. Bg2 Bg7 4. O-O O-O 5. d4 c5 6. c4 cxd4 7. Nxd4 d5 8. cxd5
Nxd5 9. Nc3 Nxc3 10. bxc3 Qc7 11. Qb3 Nc6 12. Nxc6 bxc6 13. Rb1 Ba6 14. Qa3 Bc4
15. Bf3 Bd5 16. e4 Bc4 17. Rd1 Rab8 18. Bf4 e5 19. Be3 Rxb1 20. Rxb1 Rb8 21. Rd1
Bf8 22. Qxa7 Qxa7 23. Bxa7 Ra8 24. Rd7 Bxa2 25. h4 Be6 26. Rc7 h5 27. Bd1 Rc8
28. Rxc8 Bxc8 29. Bb8 f6 30. Bb3+ Kg7 31. Kf1 Bc5 1/2-1/2

[Event "Druzynowe Mistrzostwa Polski II Liga"]
[Site "Szklarska Poreba"]
[Date "1899-12-30"]
[Round "4.50"]
[White "Zakrzewski, Marek"]
[Black "Chojnacki, Slawomir"]
[Result "1-0"]
[WhiteTitle "k"]
[BlackTitle "k"]
[WhiteElo "2249"]
[BlackElo "2260"]

1. e4 c6 2. d4 d5 3. Nd2 dxe4 4. Nxe4 Nf6 5. Nxf6+ gxf6 6. c3 Bf5 7. Nf3 Qc7 8.
g3 Nd7 9. Bg2 h5 10. Nh4 Bg4 11. Qc2 e5 12. O-O O-O-O 13. Be3 Nb6 14. dxe5 fxe5
15. c4 Be7 16. Nf5 Kb8 17. b3 Qd7 18. Nxe7 Qxe7 19. a4 Qe6 20. a5 Nc8 21. h4 Bf5
22. Qb2 f6 23. Rfd1 Rdg8 24. b4 Bh3 25. b5 Bxg2 26. Kxg2 Qxc4 27. bxc6 Qxc6+ 28.
Kh2 Rg4 29. Rac1 Qe4 30. Qc3 Rg7 31. f3 Qg6 32. Bf2 Re7 33. Qe3 Qf7 34. Rxc8+
Kxc8 35. Qxa7 Rhe8 36. Bb6 1-0

[Event "Druzynowe Mistrzostwa Polski II Liga"]
[Site "Szklarska Poreba"]
[Date "1899-12-30"]
[Round "4.51"]
[White "Fiedorek, Michal"]
[Black "Bajerlein, Dawid"]
[Result "0-1"]
[WhiteTitle "I"]
[BlackTitle "k"]
[WhiteElo "2001"]
[BlackElo "2044"]

1. e4 c6 2. d4 d5 3. Nc3 dxe4 4. Nxe4 Bf5 5. Ng3 Bg6 6. h4 h6 7. Nf3 Nd7 8. h5
Bh7 9. Bd3 Bxd3 10. Qxd3 e6 11. Bd2 Ngf6 12. O-O-O Be7 13. Kb1 O-O 14. Ne4 Nxe4
15. Qxe4 Nf6 16. Qe2 Qd5 17. Be3 Qe4 18. Rh4 Qh7 19. Bc1 Nd5 20. Rhh1 a5 21. Ne5
a4 22. Bd2 a3 23. b3 Rfc8 24. Qf3 Bf6 25. Rhe1 c5 26. dxc5 Rxc5 27. Qe4 Qxe4 28.
Rxe4 Rd8 29. Rde1 b5 30. Nd3 Nc3+ 31. Bxc3 Rxc3 32. R1e2 Rd5 33. Re1 Rxh5 34.
Rb4 Rc8 35. Rbe4 Rg5 36. g3 Bc3 37. Rh1 Rd5 38. Rhh4 Bd2 39. Rh1 h5 40. Reh4 g6
41. g4 f5 42. gxh5 g5 43. Rg1 Kh7 44. Rh2 Rcd8 45. f3 Be3 46. Re1 f4 47. h6 Rg8
48. Nf2 Bxf2 49. Rxf2 Rg6 50. Rh2 Rxh6 51. Rxh6+ Kxh6 52. Rxe6+ Kh5 53. c4 bxc4
54. bxc4 Rc5 55. Re4 Kh4 56. Kc2 Kg3 57. Kb3 Kxf3 58. Rd4 g4 59. Kb4 Rc8 60. c5
g3 61. Kb5 g2 62. Rd1 Ke2 63. Rc1 f3 64. c6 f2 65. Rc2+ Ke3 0-1

[Event "Druzynowe Mistrzostwa Polski II Liga"]
[Site "Szklarska Poreba"]
[Date "1899-12-30"]
[Round "4.52"]
[White "Hemmerling, Jaroslaw"]
[Black "Maciol, Ryszard"]
[Result "0-1"]
[WhiteTitle "I++"]
[BlackTitle "k"]
[WhiteElo "1920"]
[BlackElo "2134"]

1. e4 e6 2. d4 d5 3. Nd2 Be7 4. Ngf3 Nf6 5. Bd3 c5 6. dxc5 Nc6 7. O-O Bxc5 8. Qe2
O-O 9. e5 Nd7 10. Nb3 Be7 11. c4 dxc4 12. Bxc4 Qc7 13. Bf4 Rd8 14. Rac1 Nf8 15.
Bb5 Ng6 16. Bg3 Bd7 17. Bxc6 Bxc6 18. Nfd4 Qb6 19. Nxc6 bxc6 20. Kh1 a5 21. Rc2
Bb4 22. Rfc1 Rac8 23. f4 Rd5 24. Bf2 Qd8 25. g3 a4 26. Nc5 a3 27. b3 Ne7 28. Ne4
Qd7 29. Rc4 Qb7 30. Bc5 Bxc5 31. Nxc5 Qb5 32. Ne4 Rd4 33. Kg1 Rb8 34. Nf6+ gxf6
35. Qg4+ Kf8 36. Rxd4 Qb6 37. Rcc4 Rd8 38. exf6 Rxd4 39. fxe7+ Kxe7 40. Qg5+ Kd7
41. Qc5 Qxc5 42. Rxc5 Rd2 43. Ra5 Rxa2 44. h3 Kd6 45. b4 f6 46. Kf1 e5 47. fxe5+
fxe5 48. g4 Ra1+ 49. Kg2 a2 50. h4 e4 51. g5 e3 52. Ra8 e2 0-1